| 000 | 01152nam a2200289Ia 4500 | ||
|---|---|---|---|
| 003 | OSt | ||
| 005 | 20201028213921.0 | ||
| 008 | 191128s1974 sp a gr 000 0 spa d | ||
| 020 | _a8423402827 | ||
| 040 |
_aCO-JMCR _cCO-JMCR |
||
| 041 | 1 |
_aspa _heng |
|
| 082 | 0 | 4 |
_a658.45 / _bB735c _223 |
| 100 | 1 |
_aBormann, Ernest G, _eautor _912169 |
|
| 245 | 1 | 3 |
_aLa comunicación : _bun problema de la organización moderna / _cErnest G. Bormann, William S. Howell, Ralph G., Nichols y [1 más] ; traductor M.P. Ferrer |
| 260 |
_aBilbao : _bEdiciones Deusto, _c1974 |
||
| 300 |
_a357 páginas : _bilustraciones a blanco y negro ; _c22 cm. |
||
| 504 | _aBibliografía al final de cada capítulo. | ||
| 505 | 0 | _aLa organización y el individuo -- El individuo en la organización | |
| 534 | _pInterpersonal communication in the moder organization | ||
| 546 | _aTraducido del inglés | ||
| 650 | 1 | 4 |
_aComunicación en administración _912170 |
| 650 | 1 | 4 |
_aComunicación organizacional _9338 |
| 700 | 1 |
_aHowell, William S., _eautor _912171 |
|
| 700 | 1 |
_aNichols, Ralph G., _eautor _912172 |
|
| 700 | 1 |
_aFerrer, M.P., _etraductor _912173 |
|
| 942 |
_2ddc _cBK |
||
| 999 |
_c6174 _d6174 |
||